000 00921nam a22001697a 4500
999 _c63767
_d63767
003 Ge_BSU
005 20260109203646.0
008 260109s1970 ge ||||| |||| 00| 0 geo d
041 _ageo
080 _a331.101.386(479.22) ს-32
245 _aსაქართველოს სახალხო მეურნეობის მუშაკთა სოციალისტური ვალდებულებანი 1970 წლის გეგმის ვადამდე შესრულებისათვის.
264 _aთბ. :
_bსაქ. კპ ცკ-ის გამ-ბა,
_c1970.
300 _a33 გვ. ;
_b20 სმ.
500 _aტექსტი პარალ. ქართ. და რუს. ენ. თავფ. ქართ. და რუს. ენ.
653 _aსოციალისტური შეჯიბრება.
942 _2udc
_cᲬᲘᲒᲜᲘ